Two sided markets - why two-sidedness matters?

Pojem dvojstranné trhy ( two-sided markets). Základné princípy ovládajúce dvojstranné trhy a omyly, ktoré môžu vzniknúť pri ich posudzovaní optikou klasických zásad hospodárskeuj súťaže.

Enregistré dans:
Détails bibliographiques
Auteur principal: Fričová, Viťězslava
Format: Chapitre de livre
Langue:anglais
Sujets:
Tags: Ajouter un tag
Pas de tags, Soyez le premier à ajouter un tag!

MARC

LEADER 00000naa a2200000 4500
001 0191504
005 20231128125155.6
041 0 |a eng 
044 |a CZ 
245 1 0 |a Two sided markets - why two-sidedness matters?  |c Viťězslava Fričová 
520 |a Pojem dvojstranné trhy ( two-sided markets). Základné princípy ovládajúce dvojstranné trhy a omyly, ktoré môžu vzniknúť pri ich posudzovaní optikou klasických zásad hospodárskeuj súťaže. 
610 2 0 |a právo protimonopolné 
610 2 0 |a súťaž hospodárska 
610 2 0 |a súťaž nekalá 
610 2 0 |a trh relevantný 
610 2 0 |a Európska únia 
610 2 0 |a právo európske 
100 1 |a Fričová, Viťězslava